E-business

This title offers coverage of emerging online business strategies and technologies in the electronic commerce marketplace. It provides coverage of e-commerce growth in China and the developing world, social media and online marketing strategies, and more.

Saved in:
Bibliographic Details
Main Author: Schneider, Gary P. (Author)
Format: Book
Language:English
Published: Australia Course Technology Cengage Learning 2013
Edition:Tenth international edition.
Subjects:
Tags: Add Tag
No Tags, Be the first to tag this record!
Call Number :HF 5548.32 .S33 2013

MARC

LEADER 00000nam a2200000 i 4500
001 102646
003 MY-KLNDU
005 20241220040434.0
008 221104 2013 at a abi 001 0 eng d
020 |a 9781133526841 (hardback) 
020 |a 1133526845 (hardback) 
039 9 |a 202211041159  |b VLOAD  |c 201901141523  |d johari  |y 201804261646  |z helmey 
040 |a UPNM  |b eng  |c UPNM  |e rda 
090 |a HF 5548.32  |b .S33 2013 
100 1 |a Schneider, Gary P.,  |e author. 
245 1 0 |a E-business  |c Gary P. Schneider. 
250 |a Tenth international edition. 
264 1 |a Australia  |b Course Technology Cengage Learning  |c 2013 
300 |a xxiii, 582 pages  |b illustrations  |c 24 cm. 
336 |a text  |2 rdacontent 
337 |a unmediated  |2 rdamedia 
338 |a volume  |2 rdacarrier 
504 |a Includes bibliographical references and index. 
520 |a This title offers coverage of emerging online business strategies and technologies in the electronic commerce marketplace. It provides coverage of e-commerce growth in China and the developing world, social media and online marketing strategies, and more. 
592 |a IN 198/0518  |b 15/10/2018  |c RM 125.00  |h Kaca Enigma 
650 0 |a Electronic commerce. 
999 |a vtls000060630  |c 102646  |d 102646